=LDR 00000nam 2200000 4500 =001 INLIS000000000044032 =005 20131008104342 =008 ***********************************Ind** =035 ##$$0010-101300000001954 =041 ##$$a Ind =082 ##$$a 374 =090 ##$$a 374, soe b =100 ##$$a Soetrisno =245 ##$$a Pendidikan seumur hidup =260 ##$$a 1986 $b Jakarta =300 ##$$a 366 hlm, 25 cm =650 ##$$a Modul =850 ##$$a NBPNMAT